Multifunkčný objekt v lokalite Kamenného námestia v Bratislave

Saved in:
Bibliographic Details
Main Author: Gajdoš, Šimon (Author)
Other Authors: Alexy, Andrej (Thesis advisor)
Format: Manuscript Book
Language:Slovak
Published: 2025
Subjects:
Online Access:http://is.stuba.sk/zp/portal_zp.pl?podrobnosti=183709
Tags: Add Tag
No Tags, Be the first to tag this record!

MARC

LEADER 00000ntm a22000003a 4500
001 stuzp104918
003 SK-STU
005 20250607210938.4
007 ta
008 150427s2015----xo-----f-mn---000-0-slo-d
040 |a STU  |b slo 
041 0 |a slo 
100 1 |a Gajdoš, Šimon  |u 054140  |4 aut  |U FAD Fakulta architektúry a dizajnu  |T FAD Ústav konštrukcií v architektúre a inžinierskych stavieb  |X 103593  |U A4140  |Y 395  |7 103593 
242 0 1 |a Multifunctional building in the zone of Kamenne square in Bratislava  |y eng 
245 1 0 |a Multifunkčný objekt v lokalite Kamenného námestia v Bratislave 
260 |c 2025 
650 4 |a Kamenné Square  |2 eng 
650 4 |a library  |2 eng 
650 4 |a multifunctional building  |2 eng 
650 4 |a housing  |2 eng 
650 4 |a knižnica  |2 slo 
650 4 |a Kamenné námestie  |2 slo 
650 4 |a bývanie  |2 slo 
650 4 |a multifunkčný dom  |2 slo 
700 1 |a Alexy, Andrej  |u 054140  |k Z8  |4 ths  |U FAD Fakulta architektúry a dizajnu  |T FAD Ústav konštrukcií v architektúre a inžinierskych stavieb  |X 4185  |U A4140  |Y 395  |7 A000004185 
856 4 |u http://is.stuba.sk/zp/portal_zp.pl?podrobnosti=183709